书目信息 |
| 题名: |
成败巨人
|
|
| 作者: | 何学林 著 | |
| 分册: | ||
| 出版信息: | 北京 经济管理出版社 2006 |
|
| 页数: | 283页 | |
| 开本: | 25cm | |
| 丛书名: | ||
| 单 册: | ||
| 中图分类: | F279.245 | |
| 科图分类: | ||
| 主题词: | 企业家--生平事迹--中国--现代--qi ye jia , 私营企业--企业管理--研究--中国--si ying qi ye , 企业经济 | |
| 电子资源: | ||
| ISBN: | 7-80207-378-2 | |
| 000 | 00911nam0 2200265 450 | |
| 001 | CAL 012005149658 | |
| 005 | 20061123091950.62 | |
| 010 | @a7-80207-378-2@dCNY 35.00 | |
| 099 | @aCAL 012005149658 | |
| 100 | @a20051223d2006 ekmy0chiy0121 ea | |
| 101 | 0 | @achi |
| 102 | @aCN@b110000 | |
| 200 | 1 | @a成败巨人@e一个中国乃至全球经济史上绝无仅有的案例@f何学林著@Acheng bai ju ren |
| 210 | @a北京@c经济管理出版社@d2006 | |
| 215 | @a283页@c图@d25cm | |
| 320 | @a有书目 | |
| 517 | 1 | @a一个中国乃至全球经济史上绝无仅有的案例@Ayi ge zhong guo nai zhi quan qiu jing ji shi shang jue wu jin you de an li |
| 600 | 0 | @a史玉柱,@f1967-@x生平事迹@Ashi yu zhu |
| 606 | 0 | @a企业家@x生平事迹@y中国@z现代@Aqi ye jia |
| 606 | 0 | @a私营企业@x企业管理@x研究@y中国@Asi ying qi ye |
| 606 | 0 | @a企业经济 |
| 690 | @aF279.245@v4 | |
| 701 | 0 | @a何学林@4著@Ahe xue lin |
| 801 | @aCN@c20061123 | |
| 905 | @a10447@dF279.245@eH213 | |
| 成败巨人:一个中国乃至全球经济史上绝无仅有的案例/何学林著.-北京:经济管理出版社,2006 |
| 283页:图;25cm |
| ISBN 7-80207-378-2:CNY 35.00 |
| ● |
| 相关链接 |
|
|
|
正题名:成败巨人
索取号:F279.245/H213
 
预约/预借
| 序号 | 登录号 | 条形码 | 馆藏地/架位号 | 状态 | 备注 |
| 1 | 615183 | 206151830 | 社科二线422/422社科库 16排1列6层/ [索取号:F279.245/H213] | 在馆 | |
| 2 | 615184 | 206151849 | 社科库409/422社科库 21排1列5层/ [索取号:F279.245/H213] | 在馆 |